000 00214nam a22001097a 4500
041 _aeng
080 _a80
100 _aRowlinson, William
245 _aOxford. German verbs.
650 _aReference
999 _c279757
_d279757
942 _cBK